| 000 | 00684nam a22001935i 4500 | ||
|---|---|---|---|
| 001 | 161786 | ||
| 003 | ES-MaACL | ||
| 005 | 20240301063057.0 | ||
| 008 | 950206s1877 sp |||| | spa d | ||
| 040 |
_aGA _bspa _cCCPB | PA2 |
||
| 100 | 1 |
_aPérez de Guzmán y Gallo, Juan, _d1841-1928 _990777 |
|
| 245 | 1 | 3 |
_aUn matrimonio de estado _b: estudio histórico político / _cpor Juan Pérez de Guzmán. |
| 260 |
_aMadrid : _b[s.n.], _c1877 ( _fTipografía y Estereotipia Perojo) |
||
| 300 |
_a477 p. ; _c21 cm. |
||
| 650 | 4 |
_aEspaña- _xHistoria- _yS. XV-XIX. _9223544 |
|
| 752 |
_aEspaña - _dMadrid |
||
| 852 |
_aES-MaACL _jG-8747 _z-- Enc. pasta |
||
| 999 |
_c161786 _d161786 |
||